000 00848nam a2200265 i 4500
001 000040000
003 DO-SdBNP
005 20231010101138.0
007 ta
008 130802s1927 sp 000 0 spa d
040 _aDO-SdBNP
_bspa
_cBNPHU
_erda
082 4 _bQ5t
_222
100 1 _aQuevedo, Francisco de,
_d1580-1645
_96261
_eautor
245 1 0 _aTeatro inédito de Don Francisco de Quevedo y Villegas.
264 _aMadrid :
_bReal Academia Española,
_c1927.
300 _a252 páginas ;
_c19 cm.
336 _2rdacontent
_atexto
_btxt
337 _2rdamedia
_asin mediación
_bn
338 _2rdacarrier
_avolumen
_bnc
490 _aBiblioteca selecta de clásicos españoles
500 _aIncluye referencias bibliográficas y notas al pie de las páginas
590 _aInventariado, 2023/BT
910 _aBtavárez
942 _2ddc
_cLBS1
999 _c39490
_d39490